00331nam a2200133Ia 4500008004100000020001800041041000800059082001300067260003900080245004600119250000600165300000700171650001900178220805s9999 xx 000 0 und d a9780486997308 aeng a746.0954 aNew YorkbDover pub.new yorkc2006 aIndian and persien textile design (Dover) a5 a48 aTextile design